<?xml version="1.0" encoding="UTF-8"?>
<collection xmlns="http://www.loc.gov/MARC21/slim">
<record>
  <controlfield tag="001">170980</controlfield>
  <controlfield tag="005">20260430151736.0</controlfield>
  <datafield tag="024" ind1="7" ind2=" ">
    <subfield code="2">doi</subfield>
    <subfield code="a">10.6018/rie.677311</subfield>
  </datafield>
  <datafield tag="024" ind1="8" ind2=" ">
    <subfield code="2">sideral</subfield>
    <subfield code="a">149023</subfield>
  </datafield>
  <datafield tag="037" ind1=" " ind2=" ">
    <subfield code="a">ART-2026-149023</subfield>
  </datafield>
  <datafield tag="041" ind1=" " ind2=" ">
    <subfield code="a">eng</subfield>
  </datafield>
  <datafield tag="100" ind1=" " ind2=" ">
    <subfield code="a">Ortriz-Marcos, J. M.</subfield>
  </datafield>
  <datafield tag="245" ind1=" " ind2=" ">
    <subfield code="a">Ethnic, Cultural, and Religious Inequalities in Adolescent Cyberbullying: A Critical Approach</subfield>
  </datafield>
  <datafield tag="260" ind1=" " ind2=" ">
    <subfield code="c">2026</subfield>
  </datafield>
  <datafield tag="520" ind1="3" ind2=" ">
    <subfield code="a">El estudio “cibervíctima a ciberagresor” analiza la relación que se da entre la victimización digital y la agresión en adolescentes, con especial atención a las variables étnicas, religiosas y culturales. La muestra del estudio consta de 1.478 estudiantes de secundaria del sur de España, utilizando un cuestionario validado para medir experiencias de ciberacoso desde un enfoque intercultural. Los resultados revelan que pertenecer a una minoría étnica o religiosa aumenta significativamente el riesgo de ser víctima o agresor en entornos digitales. Las etnias gitana, armenia y mongola, así como religiones como el judaísmo, islam y budismo se asocian con mayor exposición a la ciberviolencia. El estudio también confirma que haber sido víctima de ciberacoso incrementa la probabilidad de adoptar comportamientos agresivos, reforzando la hipótesis del ciclo de violencia digital. Este fenómeno se ve agravado por factores como la invisibilidad institucional, la ley del silencio entre adolescentes y el “efecto Coliseum”, que multiplica el daño emocional al viralizar contenidos agresivos. El análisis estadístico, mediante modelos de ecuaciones estructurales y chi-cuadrado, mostró asociaciones significativas entre cultura, etnia y religión con los roles de víctima y agresor. El modelo presentó un poder predictivo moderado (R² = 0.248), confirmando que la cibervictimización es un factor clave en la aparición de conductas de ciberacoso. En conclusión, el estudio analiza la necesidad imperante de aplicar políticas educativas interculturales, herramientas tecnológicas de prevención, y un enfoque interseccional para combatir la violencia digital entre adolescentes desde una perspectiva inclusiva.</subfield>
  </datafield>
  <datafield tag="506" ind1="0" ind2=" ">
    <subfield code="a">Access copy available to the general public</subfield>
    <subfield code="f">Unrestricted</subfield>
  </datafield>
  <datafield tag="536" ind1=" " ind2=" ">
    <subfield code="9">info:eu-repo/grantAgreement/ES/MCIU/PID2024-161044OB-I00</subfield>
  </datafield>
  <datafield tag="540" ind1=" " ind2=" ">
    <subfield code="9">info:eu-repo/semantics/openAccess</subfield>
    <subfield code="a">by-nc-nd</subfield>
    <subfield code="u">https://creativecommons.org/licenses/by-nc-nd/4.0/deed.es</subfield>
  </datafield>
  <datafield tag="655" ind1=" " ind2="4">
    <subfield code="a">info:eu-repo/semantics/article</subfield>
    <subfield code="v">info:eu-repo/semantics/publishedVersion</subfield>
  </datafield>
  <datafield tag="700" ind1=" " ind2=" ">
    <subfield code="a">Invernon Gómez, A. I.</subfield>
    <subfield code="u">Universidad de Zaragoza</subfield>
    <subfield code="0">(orcid)0000-0001-5339-0282</subfield>
  </datafield>
  <datafield tag="700" ind1=" " ind2=" ">
    <subfield code="a">Medina-García, M.</subfield>
  </datafield>
  <datafield tag="700" ind1=" " ind2=" ">
    <subfield code="a">Higueras Rodríguez, L.</subfield>
  </datafield>
  <datafield tag="710" ind1="2" ind2=" ">
    <subfield code="1">4001</subfield>
    <subfield code="2">625</subfield>
    <subfield code="a">Universidad de Zaragoza</subfield>
    <subfield code="b">Dpto. Ciencias de la Educación</subfield>
    <subfield code="c">Área Métod.Invest.Diag.Educac.</subfield>
  </datafield>
  <datafield tag="773" ind1=" " ind2=" ">
    <subfield code="g">44 (2026), 33 p.</subfield>
    <subfield code="p">RIE, Rev. invest. educ.</subfield>
    <subfield code="t">Revista de Investigacion Educativa</subfield>
    <subfield code="x">0212-4068</subfield>
  </datafield>
  <datafield tag="856" ind1="4" ind2=" ">
    <subfield code="s">152002</subfield>
    <subfield code="u">http://zaguan.unizar.es/record/170980/files/texto_completo.pdf</subfield>
    <subfield code="y">Versión publicada</subfield>
  </datafield>
  <datafield tag="856" ind1="4" ind2=" ">
    <subfield code="s">3313625</subfield>
    <subfield code="u">http://zaguan.unizar.es/record/170980/files/texto_completo.jpg?subformat=icon</subfield>
    <subfield code="x">icon</subfield>
    <subfield code="y">Versión publicada</subfield>
  </datafield>
  <datafield tag="909" ind1="C" ind2="O">
    <subfield code="o">oai:zaguan.unizar.es:170980</subfield>
    <subfield code="p">articulos</subfield>
    <subfield code="p">driver</subfield>
  </datafield>
  <datafield tag="951" ind1=" " ind2=" ">
    <subfield code="a">2026-04-30-13:58:21</subfield>
  </datafield>
  <datafield tag="980" ind1=" " ind2=" ">
    <subfield code="a">ARTICLE</subfield>
  </datafield>
</record>
</collection>